Oklahoma City... or Indianapolis? - Statistics

General Stats
  • This quiz has been taken 136 times
  • The average score is 11 of 15
Answer Stats
Question Answer % Correct
Is more tornado prone... Oklahoma City
94%
Is the capital of its state... Both
93%
In 1995 had the deadliest domestic terrorist attack in US history... Oklahoma City
91%
Its name is partially of Greek origin... Indianapolis
89%
Is older... Indianapolis
86%
Has hosted the Formula One United States Grand Prix... Indianapolis
81%
Is located in the Central Time Zone... Oklahoma City
81%
Is more populous...
Going by city proper
Indianapolis
80%
Has an NFL team... Indianapolis
77%
Has the Headquarters of Eli Lilly and Company, the most valuable drug company in the world... Indianapolis
72%
Is larger in size... Oklahoma City
71%
Was home to a US President at one point... Indianapolis
63%
Is home to the world's largest children's museum... Indianapolis
62%
Is nicknamed "Circle City"... Indianapolis
61%
Its NBA franchise has a NBA Championship... Oklahoma City
45%
No matching quizzes found
Score Distribution
Percent of People with Each Score
Percentile by Number Answered
Your Score History
You have not taken this quiz